Score 0/16 Timer 04:00
2 Plays Today
Alter Ego Name % Correct
____ KentClark
95.7%
Bruce ____Wayne
92.5%
Peter ____Parker
88.4%
Bruce ____Banner
85.6%
Tony ____Stark
80.9%
____ RogersSteve
51.8%
____ KyleSelina
48.7%
____ BlazeJohnny
43.7%
Alter Ego Name % Correct
____ AllenBarry
42.5%
Dick ____Grayson
40.2%
____ MurdockMatt
35.8%
Hal ____Jordan
35.5%
Oliver ____Queen
33%
Ben ____Grimm
29.5%
Frank ____Castle
25.9%
Billy ____Batson
19%

Today's Daily Dose

Remove Ads.
Support Sporcle.
Get the best of Sporcle when you Go Orange. This ad-free experience offers more features, more stats, and more fun while also helping to support Sporcle. Thank you for becoming a member.

You're not logged in!

Compare scores with friends on all Sporcle quizzes.
OR
Log In

Show Comments

Extras

Top Quizzes Today


Score Distribution

Your Account Isn't Verified!

In order to create a playlist on Sporcle, you need to verify the email address you used during registration. Go to your Sporcle Settings to finish the process.

Report this User

Report this user for behavior that violates our Community Guidelines.

Details: